000 01668nam a22002537a 4500
005 20150205092235.0
008 150205b2014 ck |||||r|||| 00| 0 spa d
020 _a9789585763173
040 _aCo-BoIAVH
_cCo-BoIAVH
041 _aspa
044 _ack
082 0 4 _a363.6
_bU57h
110 2 _aUnidad Nacional para la Gestión del Riesgo de Desastres
_bSistema Nacional de Gestión del Riesgo de Desastres
245 1 0 _aHerramienta metodológica para la formulación de programas de gestión del riesgo de desastres en los servicios de acueducto, alcantarillado y aseo
260 _aBogotá:
_bUnidad Nacional para la Gestión del Riesgo de Desastres,
_c2014.
300 _a64 p.
_bilustraciones,
_c28 cm.
520 _aEl presente documento, orientado a los prestadores de servicios públicos de acueducto, alcantarillado y aseo del país, es el resultado de un esfuerzo del Ministerio de Vivienda, Ciudad y Territorio, a través del Viceministerio de Agua y Saneamiento Básico, en conjunto con entidades como el Fondo de las Naciones Unidas para la Infancia - UNIFEC- con el apoyo de la Unidad Nacional para la Gestión del Riesgo de Desastres UNGRD de la presidencia de la República, para formular los programas de gestión del riesgo de desastres sectoriales.
650 6 _aServicios públicos domiciliarios
_xEscenarios de riesgos
650 6 _aServicios públicos domiciliarios
_xPrevención de desastres
650 6 _aServicios públicos
_xPlanes de emergencia
650 6 _aAcueductos
_xFactores de vulnerabilidad
710 2 _aColombia.
_b Ministerio de Vivienda, Ciudad y Territorio.
942 _2ddc
_cFolleto
999 _c9052
_d9052